000 00318nam a22001457a 4500
008 180918b xxu||||| |||| 00| 0 eng d
020 _a9780716752752
041 _aeng
080 _25th
_a159.9
082 _a159.9
100 _a48
101 _aPSI
245 _aExploring Psychology
_cMyers,D.G
942 _2udc
_cBK
999 _c47965
_d47965